00335 2200145 4500001002100000005001500021035002000036245003700056100001900093300001200112260003100124082000800155084001400163990001200177INLIS00000000000235320250528105302 a0010-05250006451 aAbadilah Cinta /cDewi Rengganis0 aDewi Rengganis a232 hlm aYogyakarta :bOryza,c2005 a813 a813 DEW a a0712646